00734nam a2200229u 450000500170000000800410001701000130005802000250007102000220009603500130011803500130013103700160014404000180016008200060017810000210018424500760020526000380028127000750031930000280039449000610042270000210048300000000000000.0810522s1962 nyua j 000 0 eng  aB-357821 a9780746060032c65.00 a0746060033c65.00 aB-357821 aB-345543 bTarun Books adplbEnglish  aS aPunter, Russell  aStories of Robots /cby Russell Punter; illustrated by Andrew Hamilton  aLondonbUsborne Publishing c2004 aUsborne House, 83-85 Saffron Hill bLondon eEC1N 8RTmwww.usborne.com a48p. :bill.c20cm(pbk) aUsborne young reading; edited by Lesley Simsvseries one aHamilton, Andrew